Technology (Record no. 77709)
[ view plain ]
| 000 -LEADER | |
|---|---|
| fixed length control field | 00707cab a2200181 4500 |
| 001 - CONTROL NUMBER | |
| control field | ##L134916 |
| 008 - FIXED-LENGTH DATA ELEMENTS--GENERAL INFORMATION | |
| fixed length control field | 060911n2006 000 0 eng u |
| 035 ## - SYSTEM CONTROL NUMBER | |
| System control number | (Sirsi) u134916 |
| 041 0# - LANGUAGE CODE | |
| Language code of text/sound track or separate title | eng |
| 100 1# - MAIN ENTRY--PERSONAL NAME | |
| Personal name | Lawson, David |
| 245 00 - TITLE STATEMENT | |
| Title | Technology |
| Remainder of title | how power failure can kill your data |
| 260 ## - PUBLICATION, DISTRIBUTION, ETC. | |
| Date of publication, distribution, etc. | 2006 |
| 490 #0 - SERIES STATEMENT | |
| Series statement | Property Week |
| Volume/sequential designation | 71(36) 8 September 2006, 117(1) |
| 520 ## - SUMMARY, ETC. | |
| Summary, etc. | Highlights the damage which can be caused to business through loss of electronic data due to power cuts. Stresses the importance of backing up data regularly and of having a recovery strategy to minimise disruption. |
| 590 ## - LOCAL NOTE (RLIN) | |
| Local note | IKA190906 |
| 690 ## - LOCAL SUBJECT ADDED ENTRY--TOPICAL TERM (OCLC, RLIN) | |
| Topical term or geographic name as entry element | MANAGEMENT-BUSINESS MANAGEMENT-INFORMATION MANAGEMENT |
| 942 ## - ADDED ENTRY ELEMENTS (KOHA) | |
| Suppress in OPAC | 0 |
| Withdrawn status | Lost status | Source of classification or shelving scheme | Damaged status | Not for loan | Home library | Current library | Shelving location | Date acquired | Total Checkouts | Full call number | Barcode | Date last seen | Copy number | Price effective from | Koha item type |
|---|---|---|---|---|---|---|---|---|---|---|---|---|---|---|---|
| Dewey Decimal Classification | London | London | Journal article | 11/09/2006 | L134916 | 134916-1001 | 06/08/2019 | 1 | 06/08/2019 | Journal article |